00539nam a22001817a 450000500170000001000150001702000270003203500140005903700130007308200140008610000150010024500850011526000400020027000440024030000330028450000190031770000210033620161129151720.0 aENG-116701 a9788184845426c2080.00 aEN-100233 bDBAD/PUB a338.90072 aRais Ahmad aResearch methods in economic development /cby Rais Ahmad [and] kamran Rais khan aNew DelhibRegal Publicationsc2016 aF-159 Rajouri GardenbNew Delhie110027 axxi ,470p. : c23cm(Hb)bill aIncludes index aKamran Rais Khan